[Event "Bogota los Zipas 2nd"]
[Site "Bogota"]
[Date "2010.10.??"]
[Round "3"]
[White "Nieto, Manuel Valerio Wald"]
[Black "Rodriguez, Daniel Felipe"]
[Result "1-0"]
[WhiteElo "1751"]
[BlackElo "1909"]
[PlyCount "59"]
[EventDate "2010.10.09"]
[EventType "tourn"]
[EventRounds "9"]
[EventCountry "COL"]
[SourceTitle "EXT 2024"]
[Source "ChessBase"]
[SourceDate "2023.10.10"]
[SourceVersion "1"]
[SourceVersionDate "2023.10.10"]
[SourceQuality "1"]

1. Nf3 d6 2. d3 e5 3. e4 Nf6 4. g3 Be6 5. Bg2 Nc6 6. 0-0 Nd4 7. Be3 Nxf3+ 8. Bxf3 d5 9. Nd2 Ng4 10. Bxg4 Bxg4 11. Qxg4 c6 12. Nb3 b6 13. c3 g6 14. Rad1 h5 15. Qe2 h4 16. exd5 cxd5 17. Bxb6 axb6 18. Qxe5+ Qe7 19. Qxh8 hxg3 20. Rde1 Qxe1 21. Rxe1+ Kd7 22. hxg3 Rxa2 23. Qxf8 Kc6 24. Qc8+ Kb5 25. Re5 Ka4 26. Rxd5 Kxb3 27. Qc4+ Kxb2 28. Rb5+ Ka1 29. Qb3 f5 30. Qb1# 1-0